00615 2200229 4500001002100000005001500021008004100036020002200077035001900099041000700118082001000125090001600135100001700151245003700168260003500205300002400240650002900264990002300293990002300316990002300339990002300362INLIS00000000002122820241224131017241224||||||||| | ||| |||| || |  a978-979-1362-04-7 0010-1224021228 aid0 a634.6 a634.6 NEN p0 aNeni Suhaeni00aPetunjuk Praktis Menanam Alpokat aBandungbPENERBIT NUANSAc2007 a44 hlm.; 14 x 21 cm 0aIlmu Terapan -- Budidaya a05.17.01.07.03.002 a05.17.01.07.03.001 a05.17.01.07.03.001 a05.17.01.07.03.001